| 000 | 01133cam a2200325 a 4500 | ||
|---|---|---|---|
| 001 | 3961011 | ||
| 003 | Ke-BoTe | ||
| 005 | 20220516100427.0 | ||
| 008 | 940622s1995 mdua b 001 0 eng c | ||
| 010 | _a 94028510 | ||
| 020 | _a0683074008 | ||
| 040 |
_aDNLM/DLC _cDLC _dDLC |
||
| 050 | 0 | 0 |
_aRC346 _b.M4 1995 |
| 060 | 1 | 0 | _aWL 100 M5722 1995 |
| 082 | 0 | 0 |
_a616.8 _220 |
| 245 | 0 | 0 | _aMerritt's textbook of neurology / |
| 246 | 3 | _aTextbook of neurology | |
| 250 |
_a9th ed. / _bedited by Lewis P. Rowland. |
||
| 260 |
_aBaltimore : _bWilliams & Wilkins ; _cc1995. |
||
| 300 |
_axxv, 1058 p . : _bill. ; _c26 cm . |
||
| 504 | _aIncludes bibliographical references and index. | ||
| 650 | 0 |
_aNervous system _xDiseases. _95474 |
|
| 650 | 0 |
_aNeurology. _95475 |
|
| 650 | 2 |
_aNervous System Diseases. _95476 |
|
| 700 | 1 |
_aMerritt, H. Houston _q(Hiram Houston), _d1902-1979. _tTextbook of neurology. _95477 |
|
| 700 | 1 |
_aRowland, Lewis P. _95478 |
|
| 906 |
_a7 _bcbc _corignew _d1 _eocip _f19 _gy-gencatlg |
||
| 942 |
_2lcc _cBK _n0 |
||
| 999 |
_c2680 _d2680 |
||